L´orfevrerie francaise aux XVIIIe et XIXe siecles (Record no. 7584)

MARC details
000 -CABECERA
campo de control de longitud fija 00697nam a2200217 a 4500
001 - NÚMERO DE CONTROL
campo de control BRCA_7912
005 - FECHA Y HORA DE LA ÚLTIMA TRANSACCIÓN
campo de control 20190320210041.0
008 - DATOS DE LONGITUD FIJA--INFORMACIÓN GENERAL
campo de control de longitud fija 170214m19081912fr-ac#####---#000-0#fre-#
041 ## - CÓDIGO DE LENGUA
Código de lengua del texto/banda sonora o título independiente fre
044 ## - CÓDIGO DEL PAÍS DE LA ENTIDAD EDITORA/PRODUCTORA
Código MARC del país fr
050 #4 - SIGNATURA TOPOGRÁFICA DE LA BIBLIOTECA DEL CONGRESO
Número de clasificación NK7149
Número de documento/Ítem .B68 1908
100 1# - ENTRADA PRINCIPAL--NOMBRE DE PERSONA
Nombre de persona Bouilhet, Henri
9 (RLIN) 19572
245 10 - MENCIÓN DE TÍTULO
Título L´orfevrerie francaise aux XVIIIe et XIXe siecles
Mención de responsabilidad, etc. par Henri Bouilhet.
260 ## - PUBLICACIÓN, DISTRIBUCIÓN, ETC.
Lugar de publicación, distribución, etc. París
Nombre del editor, distribuidor, etc. H. Laurens
Fecha de publicación, distribución, etc. 1908-1912
300 ## - DESCRIPCIÓN FÍSICA
Extensión 3 v.
Otras características físicas il., láminas, retratos
Dimensiones 29 cm.
500 ## - NOTA GENERAL
Nota general Y204
505 0# - NOTA DE CONTENIDO CON FORMATO
Nota de contenido con formato Contenido: v.1. XVIIIe siecle (1700-1789). -- v.2. XIX siecle (1800-1860). -- v.3. XIX siecle (1860-1900)
650 14 - PUNTO DE ACCESO ADICIONAL DE MATERIA--TÉRMINO DE MATERIA
Término de materia o nombre geográfico como elemento de entrada Orfebrería
Subdivisión general Historia
Subdivisión geográfica Francia
9 (RLIN) 19573
902 ## - CATALOGADOR
Iniciales GFM
942 ## - ELEMENTOS DE PUNTO DE ACCESO ADICIONAL (KOHA)
Fuente del sistema de clasificación o colocación Library of Congress Classification
Tipo de ítem Koha Libros
Holdings
Estado de retiro Estado de pérdida Estado dañado No para préstamo Localización permanente Ubicación/localización actual Fecha de adquisición Número de inventario Total de préstamos Signatura topográfica completa Código de barras Fecha visto por última vez Precio válido a partir de Tipo de ítem Koha
El ejemplar forma parte de la colección y puede ser consultado según las políticas vigentes.       Biblioteca del Museo Franz Mayer (Rogerio Casas-Alatriste) Biblioteca del Museo Franz Mayer (Rogerio Casas-Alatriste) 14/02/2014 Y204   NK7149 .B68 1908 (Y204) 8523 22/03/2019 22/03/2019 Libros